000 00526cam a2200169 4500
001 D12186
008 090401t1903 xxu||||| |||| 00| 0 eng d
035 _a(Sirsi) u94077
041 _aeng
100 _aBooth, Charles
245 _aLife and labour of the people in London. 2nd series: Industry 5. Comparisons,survey and conclusions
260 _aLondon
_bMacMillan
_c1903
350 _a0
520 _aShelf 151 Industry 3.. Dress, food, drink, dealers, clerks, locomotion and labour
942 _n0
948 _c04/03/1997
999 _c97901
_d97901